| 000 | 00733nam a22002057a 4500 | ||
|---|---|---|---|
| 003 | OSt | ||
| 005 | 20251205023711.0 | ||
| 008 | 251205b |||||||| |||| 00| 0 eng d | ||
| 020 | _a978-971-542-646-6. | ||
| 040 |
_aDWCL-Admin lib _cOC |
||
| 082 | _aFil. 520.899921 Am496b 2010 | ||
| 100 | _aAmbrosio, Dante L. | ||
| 245 |
_aBalatik : etnoastronomiya : _bkalangitan sa kabihasnang Pilipino / _cDante L. Ambrosio |
||
| 260 |
_aQuezon City : _bThe University of the Philippines Press, _cc2010 |
||
| 300 |
_axvi, 279 p. : _bill. ; _c23 cm. |
||
| 504 | _aIncludes bibliographical references & index. | ||
| 650 | _a1. Astronomy-Social aspects-Philippines | ||
| 650 | _a2. Ethnoastronomy-Philippines. | ||
| 942 |
_2ddc _cBK - FIL _kFil. _n0 |
||
| 999 |
_c6911 _d6911 |
||